La caracterología al servicio de la empresa / (Record no. 55345)

MARC details
000 -LEADER
campo de control de longitud fija 00587nam a2200181 i 4500
001 - NÚMERO DE CONTROL
campo de control 55345
003 - IDENTIFICADOR DE NÚMERO DE CONTROL
campo de control ES-MaACL
005 - FECHA Y HORA DE LA ÚLTIMA TRANSACCIÓN
campo de control 20230906163127.0
007 - CAMPO FIJO DE DESCRIPCIÓN FÍSICA--INFORMACIÓN GENERAL
campo de control de longitud fija t|
008 - DATOS DE LONGITUD FIJA--INFORMACIÓN GENERAL
campo de control de longitud fija 030918s1973 sp ||||1| spa d
100 1# - ENTRADA PRINCIPAL--NOMBRE DE PERSONA
Nombre de persona Denis, Robert.
9 (RLIN) 43704
245 13 - MENCIÓN DEL TÍTULO
Título La caracterología al servicio de la empresa /
Mención de responsabilidad, etc. Robert Denis, S. Torkomian ; traducido por Francisco Fontanals.
260 ## - PUBLICACIÓN, DISTRIBUCIÓN, ETC.
Lugar de publicación, distribución, etc. Madrid :
Nombre del editor, distribuidor, etc. I.E.E.,
Fecha de publicación, distribución, etc. [1973]
300 ## - DESCRIPCIÓN FÍSICA
Extensión 216 p., 1 gráf. pleg. :
Otras características físicas il. ;
Dimensiones 22 cm.
700 1# - ENTRADA AGREGADA--NOMBRE PERSONAL
Nombre de persona Torkomian, S.
9 (RLIN) 110646
700 1# - ENTRADA AGREGADA--NOMBRE PERSONAL
Nombre de persona Fontanals, Francisco.
9 (RLIN) 51605
852 ## - LOCALIZACIÓN
Ubicación ES-MaACL
Número de control de estantería C-51316
Sublocalización o colección R.85325
Holdings
Estatus retirado Estado de pérdida Estado de daño No para préstamo Biblioteca de origen Biblioteca actual Ubicación en estantería Fecha de adquisición Fuente de adquisición Total de préstamos Signatura topográfica completa Código de barras Visto por última vez Precio de reemplazo Tipo de ítem Koha
        Biblioteca del Ateneo de Madrid Biblioteca del Ateneo de Madrid Depósito 2 17/01/2008     C-51316 1058148 23/02/2023 23/02/2023 Libro impreso